|
|
|
|
| LEADER |
00000nam a2200000 a 4500 |
| 001 |
vtls010573010 |
| 003 |
SK-MaSNL |
| 005 |
20260301034525.0 |
| 008 |
210928s1976 xr 100 0 cze |
| 040 |
|
|
|a SNK
|b slo
|c SNK
|e AACR2
|
| 041 |
0 |
|
|a cze
|a slo
|
| 044 |
|
|
|a xr
|c CZ
|
| 072 |
|
7 |
|a 502
|x Životné prostredie a jeho ochrana
|2 konspekt
|
| 080 |
|
|
|a 502.171:502.3
|2 2001
|
| 080 |
|
|
|a 502.3
|2 2001
|
| 080 |
|
|
|a (062.534)
|2 2001
|
| 245 |
0 |
0 |
|a Ochrana čistoty ovzduší
|b 2. národní konfonference, Karlovy Vary 1976
|n Panel A
|p Obecné zásady ochrany ovzduší : [sborník referátů]
|
| 246 |
3 |
0 |
|a Obecné zásady ochrany ovzduší
|
| 260 |
|
|
|a Praha
|b Dům techniky ČVTS
|c 1976
|
| 300 |
|
|
|a 37 s.
|c 4°
|
| 546 |
|
|
|a Text čiastočne v slovenčine
|
| 650 |
0 |
7 |
|a ovzdušie
|2 SNKPH
|9 27254
|
| 650 |
0 |
7 |
|a čistota ovzdušia
|2 SNKPH
|9 335581
|
| 650 |
0 |
7 |
|a ochrana ovzdušia
|2 SNKPH
|9 31607
|
| 655 |
|
7 |
|a zborníky konferencií
|2 SNKPH
|9 70153
|
| 958 |
|
|
|a OND
|
| 999 |
|
|
|c 581978
|d 583908
|
| 952 |
|
|
|a SNK
|b SNK
|y PREZ
|7 0
|p 17A0925842
|o snkSB 25370
|i snkKIP 7716/77
|0 0
|1 0
|4 0
|d 2014-01-30
|f 1
|l 0
|r 2025-03-27 00:00:00
|w 2026-02-23
|
| 952 |
|
|
|a SNK
|b SNK
|y VYP
|7 0
|o snkSB 25370 D1
|i snkKIP 7717/77
|0 0
|1 0
|4 0
|d 2014-01-30
|l 0
|r 2026-02-23 14:55:41
|w 2026-02-23
|